<?xml version="1.0" encoding="UTF-8"?>
<record
    xmlns:xsi="http://www.w3.org/2001/XMLSchema-instance"
    xsi:schemaLocation="http://www.loc.gov/MARC21/slim http://www.loc.gov/standards/marcxml/schema/MARC21slim.xsd"
    xmlns="http://www.loc.gov/MARC21/slim">

  <leader>02557nam a22003617a 4500</leader>
  <datafield tag="999" ind1=" " ind2=" ">
    <subfield code="c">23426</subfield>
    <subfield code="d">23426</subfield>
  </datafield>
  <controlfield tag="003">AR-CdUCM</controlfield>
  <controlfield tag="008">251222b2024    pe ||||| |||| 00| 0 spa d</controlfield>
  <datafield tag="040" ind1=" " ind2=" ">
    <subfield code="a">MUNICIPALIDAD PROVINCIAL DEL CUSCO</subfield>
    <subfield code="c">BIBLIOTECA MUNICIPAL DEL CUSCO</subfield>
  </datafield>
  <datafield tag="082" ind1=" " ind2=" ">
    <subfield code="a">551.48</subfield>
    <subfield code="b">M42</subfield>
  </datafield>
  <datafield tag="100" ind1=" " ind2=" ">
    <subfield code="a"> Mendoza Mu&#xF1;oz, Yanet.</subfield>
  </datafield>
  <datafield tag="110" ind1=" " ind2=" ">
    <subfield code="a">Universidad Nacional San Antonio Abad del Cusco</subfield>
    <subfield code="9">51829</subfield>
  </datafield>
  <datafield tag="245" ind1=" " ind2=" ">
    <subfield code="a">La Laguna del Piuray :</subfield>
    <subfield code="b">Agua de Consumo Humano para el Cusco y su necesaria protecci&#xF3;n /</subfield>
  </datafield>
  <datafield tag="260" ind1=" " ind2=" ">
    <subfield code="a">Lima.</subfield>
    <subfield code="b">Universidad Nacional de San Antonio Abad del Cusco</subfield>
    <subfield code="c">2024</subfield>
  </datafield>
  <datafield tag="300" ind1=" " ind2=" ">
    <subfield code="a">280 p&#xE1;ginas. :</subfield>
    <subfield code="c">20 x 26 cm.</subfield>
  </datafield>
  <datafield tag="500" ind1=" " ind2=" ">
    <subfield code="z">p&#xE1;ginas : 272 - 279.</subfield>
  </datafield>
  <datafield tag="505" ind1=" " ind2=" ">
    <subfield code="a"> La Ciudad de Cusco -- Entidades de la gesti&#xF3;n de la calidad del agua de consumo humano, seg&#xFA;n decreto supremo N.&#xBA; 031-2010-SA -- Disposiciones generales -- La Microcuenca del Piuray -- Ccorimarca --  Descripci&#xF3;n e importancia -- Investigaci&#xF3;n -- Necesidad del establecimiento de m&#xFA;ltiples barreras de protecci&#xF3;n -- Visi&#xF3;n general -- B&#xFA;squeda bibliogr&#xE1;fica seg&#xFA;n Vigilancia Tecnol&#xF3;gica e Inteligencia Estrat&#xE9;gica -- Diagn&#xF3;stico de la gesti&#xF3;n -- Macroinvertebrados como bioindicadores del tipo de contaminaci&#xF3;n del r&#xED;o Huila Huila -- Tributario de la fuente de agua potable Piuray -- Cusco (2019) --  Acciones de participaci&#xF3;n ciudadana para la delimitaci&#xF3;n de la faja marginal -- Informaci&#xF3;n de los indicadores de eutrofizaci&#xF3;n y la salud p&#xFA;blica para pobladores -- La respuesta de SEDA CUSCO S.A --  Evaluaci&#xF3;n del tratamiento del agua -- An&#xE1;lisis de la red de distribuci&#xF3;n--  Utilizaci&#xF3;n del instrumento gu&#xED;a -- Ense&#xF1;anzas derivadas de la capacitaci&#xF3;n -- Propuestas de mejora -- Aplicaci&#xF3;n del derecho humano al agua -- Creaci&#xF3;n de la franja marginal -- El acceso al agua -- Plan de gesti&#xF3;n integral de los recursos h&#xED;dricos de la microcuenca.  
</subfield>
  </datafield>
  <datafield tag="650" ind1=" " ind2=" ">
    <subfield code="a">Definiciones</subfield>
    <subfield code="9">51830</subfield>
  </datafield>
  <datafield tag="650" ind1=" " ind2=" ">
    <subfield code="a">Cloro residual libre</subfield>
    <subfield code="9">51831</subfield>
  </datafield>
  <datafield tag="650" ind1=" " ind2=" ">
    <subfield code="a">Entidades de la gesti&#xF3;n  de la calidad del agua </subfield>
    <subfield code="9">51832</subfield>
  </datafield>
  <datafield tag="650" ind1=" " ind2=" ">
    <subfield code="a">Cooperaci&#xF3;n</subfield>
    <subfield code="9">51833</subfield>
  </datafield>
  <datafield tag="650" ind1=" " ind2=" ">
    <subfield code="a">Asociaci&#xF3;n de la vigilancia  de la calidad</subfield>
    <subfield code="9">51834</subfield>
  </datafield>
  <datafield tag="650" ind1=" " ind2=" ">
    <subfield code="a">Gesti&#xF3;n territorial urbana</subfield>
    <subfield code="9">51835</subfield>
  </datafield>
  <datafield tag="650" ind1=" " ind2=" ">
    <subfield code="a">Del control de calidad de agua</subfield>
    <subfield code="9">51836</subfield>
  </datafield>
  <datafield tag="650" ind1=" " ind2=" ">
    <subfield code="a">Reactivo y materiales proporcionados</subfield>
    <subfield code="9">51837</subfield>
  </datafield>
  <datafield tag="650" ind1=" " ind2=" ">
    <subfield code="a">Vida &#xFA;til y almacenamiento</subfield>
    <subfield code="9">51838</subfield>
  </datafield>
  <datafield tag="650" ind1=" " ind2=" ">
    <subfield code="a">Reacciones de control</subfield>
    <subfield code="9">51839</subfield>
  </datafield>
  <datafield tag="650" ind1=" " ind2=" ">
    <subfield code="a">Resultados de los an&#xE1;lisis</subfield>
    <subfield code="9">51840</subfield>
  </datafield>
  <datafield tag="650" ind1=" " ind2=" ">
    <subfield code="a">De inspecci&#xF3;n sanitaria</subfield>
    <subfield code="9">51841</subfield>
  </datafield>
  <datafield tag="856" ind1=" " ind2=" ">
    <subfield code="f">www.unsaac.edu.pe</subfield>
  </datafield>
  <datafield tag="942" ind1=" " ind2=" ">
    <subfield code="2">ddc</subfield>
    <subfield code="c">LIBROS</subfield>
  </datafield>
  <datafield tag="945" ind1=" " ind2=" ">
    <subfield code="a">jmcs</subfield>
    <subfield code="d">22/12/2025</subfield>
  </datafield>
</record>
